Seahawks Players With 1000 Scrimmage Yards - Statistics

General Stats
  • This quiz has been taken 40 times
  • The average score is 42 of 67
Answer Stats
Position (Year) Yards Player % Correct
RB (2005) 1,958 Shaun Alexander
97%
RB (2004) 1,866 Shaun Alexander
97%
RB (2003) 1,730 Shaun Alexander
97%
RB (2001) 1,661 Shaun Alexander
97%
RB (2002) 1,635 Shaun Alexander
97%
WR (2020) 1,303 DK Metcalf
94%
WR (2023) 1,114 DK Metcalf
94%
WR (2022) 1,048 DK Metcalf
94%
RB (2012) 1,786 Marshawn Lynch
94%
RB (2014) 1,673 Marshawn Lynch
94%
RB (2013) 1,573 Marshawn Lynch
94%
RB (2011) 1,416 Marshawn Lynch
94%
WR (1985) 1,287 Steve Largent
86%
WR (1981) 1,271 Steve Largent
86%
WR (1979) 1,237 Steve Largent
86%
WR (1984) 1,174 Steve Largent
86%
WR (1978) 1,168 Steve Largent
86%
WR (1983) 1,074 Steve Largent
86%
WR (1986) 1,070 Steve Largent
86%
WR (1980) 1,066 Steve Largent
86%
RB (2019) 1,496 Chris Carson
83%
RB (2018) 1,314 Chris Carson
83%
RB (2022) 1,215 Kenneth Walker III
83%
RB (2023) 1,164 Kenneth Walker III
83%
WR (2021) 1,184 Tyler Lockett
83%
WR (2020) 1,054 Tyler Lockett
83%
WR (2019) 1,052 Tyler Lockett
83%
WR (2018) 1,034 Tyler Lockett
83%
WR (2022) 1,033 Tyler Lockett
83%
WR (2016) 1,130 Doug Baldwin
78%
WR (2015) 1,069 Doug Baldwin
78%
WR (2024) 1,156 Jaxon Smith-Njigba
72%
RB (1986) 1,823 Curt Warner
58%
RB (1983) 1,774 Curt Warner
58%
RB (1985) 1,401 Curt Warner
58%
RB (1988) 1,179 Curt Warner
58%
RB (1987) 1,152 Curt Warner
58%
RB (1979) 1,274 Sherman Smith
53%
RB (1977) 1,182 Sherman Smith
53%
RB (1978) 1,171 Sherman Smith
53%
RB (1994) 1,868 Chris Warren
44%
RB (1995) 1,593 Chris Warren
44%
RB (1993) 1,171 Chris Warren
44%
RB (1992) 1,151 Chris Warren
44%
RB (1996) 1,128 Chris Warren
44%
RB (1997) 1,104 Chris Warren
44%
WR (1994) 1,118 Brian Blades
39%
WR (1989) 1,066 Brian Blades
39%
WR (1991) 1,020 Brian Blades
39%
WR (1995) 1,005 Brian Blades
39%
WR (1995) 1,193 Joey Galloway
39%
WR (1997) 1.121 Joey Galloway
39%
WR (1996) 1,114 Joey Galloway
39%
WR (1998) 1,073 Joey Galloway
39%
RB (2000) 1,855 Ricky Watters
39%
RB (1998) 1,612 Ricky Watters
39%
RB (1999) 1,597 Ricky Watters
39%
WR (2004) 1,199 Darrell Jackson
36%
WR (2003) 1,137 Darrell Jackson
36%
WR (2001) 1,090 Darrell Jackson
36%
FB (1988) 1,528 John L. Williams
33%
FB (1990) 1,413 John L. Williams
33%
FB (1991) 1,240 John L. Williams
33%
FB (1989) 1,156 John L. Williams
33%
WR (2007) 1,147 Bobby Engram
19%
WR (2002) 1,296 Koren Robinson
17%
RB (1990) 1,002 Derrick Fenner
8%
No matching quizzes found
Score Distribution
Percent of People with Each Score
Percentile by Number Answered
Your Score History
You have not taken this quiz